000 00306nam a22001337a 4500
008 181106b xxu||||| |||| 00| 0 eng d
020 _a9781412954167
041 _aeng
080 _a346
100 _a50
101 _aSOC
245 _aFundamentals Social Work Research
_cEngel.R.J
942 _2udc
_cBK
999 _c51961
_d51961